[Event "EU-chT U12"]
[Site "Thessaloniki"]
[Date "2022.07.15"]
[Round "4.1"]
[White "Zerey, Demhat"]
[Black "Sowinski, Pawel"]
[Result "1/2-1/2"]
[WhiteElo "1497"]
[BlackElo "2136"]
[PlyCount "103"]
[EventDate "2022.07.12"]
[EventType "team-swiss"]
[EventRounds "7"]
[EventCountry "GRE"]
[SourceTitle "EXT 2023"]
[Source "ChessBase"]
[SourceDate "2022.10.05"]
[SourceVersion "1"]
[SourceVersionDate "2022.10.05"]
[SourceQuality "1"]
[WhiteTeam "Turkey U12"]
[BlackTeam "Poland U12"]
[WhiteTeamCountry "TUR"]
[BlackTeamCountry "POL"]

1. Nf3 Nf6 2. g3 g6 3. Bg2 Bg7 4. c4 0-0 5. 0-0 c6 6. d4 d5 7. Nbd2 b6 8. b3 Bb7 9. Bb2 Nbd7 10. e3 e6 11. Rc1 Qe7 12. Qe2 a5 13. a3 Ne4 14. Nxe4 dxe4 15. Nd2 f5 16. f3 exf3 17. Nxf3 e5 18. dxe5 c5 19. Rfd1 Rad8 20. Rc2 Bxf3 21. Bxf3 Bxe5 22. Rcd2 Bxb2 23. Rxb2 Nf6 24. Rbd2 Rde8 25. Rd3 Qe5 26. Kg2 g5 27. Bc6 Re7 28. Qf3 Kg7 29. h3 Ne4 30. Rd7 Rff7 31. Rxe7 Rxe7 32. Bxe4 fxe4 33. Qe2 Rf7 34. Rd5 Qf6 35. g4 Kg6 36. Rf5 Qe6 37. Rxf7 Qxf7 38. Qf2 Qd7 39. Qf8 Qd2+ 40. Kf1 Qd7 41. Qg8+ Kf6 42. Qf8+ Ke5 43. Qb8+ Qd6 44. Qe8+ Qe6 45. Qb5 h5 46. b4 axb4 47. axb4 hxg4 48. bxc5 bxc5 49. Qxc5+ Kf6 50. Qd4+ Ke7 51. Qg7+ Kd6 52. Qd4+ 1/2-1/2